Capitales des pays en P - Statistiques

Statistiques générales
  • Ce quiz a été pris 76 fois
  • Le résultat moyen est 8 sur 11
Statistiques - réponses
Pays Capitales % Correct
Pays-Bas Amsterdam
98%
Portugal Lisbonne
98%
Pérou Lima
95%
Pologne Varsovie
95%
Panama Panama
91%
Pakistan Islamabad
86%
Paraguay Asuncion
78%
Philippines Manille
78%
Papouasie-Nouvelle-Guinée Port Moresby
54%
Palestine RamallahJérusalem-Est (revendiquée)
34%
Palaos Melekeok
18%
Aucun quiz correspondant
Distribution des résultats
% des personnes avec chaque résultat
Percentile par nombre de réponses
Votre historique - résultats
Vous n’avez pas pris ce quiz